00442 2200169 4500001002100000005001500021035002000036245005200056100002000108300002600128260003300154082001300187084001900200020001700219600001900236990001700255INLIS00000000000131920260112075809 a0010-01260000321 aHimpunan haits Shahih Bukhari /cAchmad Sunarto0 aSunarto, Achmad a330 hlm ;c14 X 21 cm aJakarta :bAnnur Pres,c2005 a297.1241 a297.1241 SUN h a979-9947-1-3 4aHadits Bukhari a4603/PP/2026